Normal view
MARC view
- Nelatury, Sudarshan.R
Entry Corporate Name
001 - CONTROL NUMBER
- control field: 100006
003 - CONTROL NUMBER IDENTIFIER
- control field: NUST
005 - DATE AND TIME OF LATEST TRANSACTION
- control field: 20221012124627.0
008 - FIXED-LENGTH DATA ELEMENTS
- fixed length control field: 221012|| aca||aabn | a|a d
040 ## - CATALOGING SOURCE
- Original cataloging agency: NUST
- Transcribing agency: NUST
110 ## - HEADING--CORPORATE NAME
- Corporate name or jurisdiction name as entry element: Nelatury, Sudarshan.R
670 ## - SOURCE DATA FOUND
- Source citation: Work cat.: (NUST)591357: Sadiku, Matthew N. O., Elements of Electromagnetics, 2021.
